000 00933nam0a22002531 4500
001 rc\4161972
005 20260408020209.0
021 _aRU
_b[53-39599]
035 _a(NLR Aleph) 008176999
090 _a7890848
_c7890848
100 _a20130415d1953 |||y0rusy50 ca
101 0 _arus
102 _aRU
105 _aa z |||||
200 1 _aСовхоз "Лорупе"
_e(Краткая монография)
_fМ-во совхозов Латв. ССР. Упр. с.-х. пропаганды
210 _a[Рига]
_cБ. и.
_d1953
215 _a26 с.
_cил.
_d20
606 _aЖивотноводческие совхозы
_yЛатвийская ССР
_2psbo
712 0 1 _aЛатвССР
_bУправление сельскохозяйственной пропаганды
_3RU\NLR\AUTH\8810179548
_9855297
801 0 _aRU
_bNLR
_gpsbo
801 1 _aRU
_bELAR
_2rusmarc
852 _aNLR
_jЭк50 Г-4/2488
942 _cBOOK
980 _aNB